000 00458pab a2200181 454500
008 180718b2004 xxu||||| |||| 00| 0 eng d
100 _aEdo, Samson E.
245 _aCommunity banks, credit supply and rural economy
260 _c2004
300 _ap.223-40.
362 _aJul-Dec
650 _aCredit
650 _aCommunities
650 _aBanks
650 _aRural economy
773 _aJournal of Social and Economic Development
909 _a66947
999 _c66947
_d66947